| 000 | 00630nam a2200229Ia 4500 | ||
|---|---|---|---|
| 003 | OSt | ||
| 005 | 20220928144228.0 | ||
| 006 | a|||||r|||| 00| 0 | ||
| 007 | ta | ||
| 008 | 220927b |||||||| |||| 00| 0 eng d | ||
| 024 | _a63733 | ||
| 037 | _cTextual | ||
| 040 |
_aSDCL _cSDCL _beng |
||
| 041 |
_2eng _aeng |
||
| 082 | _aS:4:f, M3 | ||
| 100 |
_aPressley Michael Ed. _9507426 |
||
| 245 | 0 | _aCoginitive strategy research psychological foundations | |
| 260 | _c1983 | ||
| 700 |
_a levin Joel R. Ed. _9455490 |
||
| 942 |
_hS:4:f, M3 _cTEXL _2CC |
||
| 999 |
_c826798 _d826798 |
||